How many jelly beans? : (Record no. 46767)
| 000 -LEADER | |
|---|---|
| fixed length control field | 00401nam a2200121 4500 |
| 020 ## - INTERNATIONAL STANDARD BOOK NUMBER | |
| International Standard Book Number | 9781452102061 |
| 100 ## - MAIN ENTRY--PERSONAL NAME | |
| Personal name | Menotti, Andrea |
| 9 (RLIN) | 84951 |
| 245 ## - TITLE STATEMENT | |
| Title | How many jelly beans? : |
| Remainder of title | a giant book of giant numbers! / |
| Statement of responsibility, etc | Andrea Menotti & Yancey Labat |
| 260 ## - PUBLICATION, DISTRIBUTION, ETC. (IMPRINT) | |
| Place of publication, distribution, etc | California |
| Name of publisher, distributor, etc | Chronicle Books |
| Date of publication, distribution, etc | 2012 |
| 300 ## - PHYSICAL DESCRIPTION | |
| Extent | unpaged. |
| Other physical details | col. ill. : |
| Dimensions | (big book) |
| 650 ## - SUBJECT ADDED ENTRY--TOPICAL TERM | |
| Topical term or geographic name as entry element | Counting |
| Form subdivision | Juvenile Literature |
| 942 ## - ADDED ENTRY ELEMENTS (KOHA) | |
| Source of classification or shelving scheme | |
| Koha item type | Book |
| Withdrawn status | Lost status | Source of classification or shelving scheme | Damaged status | Not for loan | Collection code | Home library | Current library | Shelving location | Date acquired | Full call number | Barcode | Date last seen | Price effective from | Koha item type |
|---|---|---|---|---|---|---|---|---|---|---|---|---|---|---|
| TEACHERS' RESOURCES | Asian Hope Early Years Library | Asian Hope Early Years Library | Non Fiction | 03/05/2024 | 513.211 MEN | 204631 | 03/05/2024 | 03/05/2024 | Book |